| 000 | 00574cam a22001691 4500 | ||
|---|---|---|---|
| 082 |
_a621.3191 _bSKI _cL-10, P-43 |
||
| 100 | 1 |
_aSkilling, Hugh Hildreth, _941307 |
|
| 245 | 1 | 0 |
_aTransient electric currents, _cby Hugh Hildreth Skilling... |
| 260 |
_aNew York, _aLondon, _bMcGraw- Hill book company, inc. _c[c1937] |
||
| 300 |
_axiii, 349 p. _billus., diagrs. _c24 cm. |
||
| 500 | _aTable on lining-paper. | ||
| 526 |
_a0 _b0 _c0 _d621_319100000000000_SKI |
||
| 650 | 0 |
_aElectric circuits. _910997 |
|
| 650 | 0 |
_aElectric currents. _941308 |
|
| 650 | 0 |
_aMCE _9379 |
|
| 942 |
_2ddc _cBK |
||
| 999 |
_c545452 _d545452 |
||